[Event "Gold Coast op"]
[Site "Gold Coast"]
[Date "2023.07.09"]
[Round "8"]
[White "Calonge Fabregat, Marc"]
[Black "McGowan, Cameron"]
[Result "0-1"]
[WhiteElo "1997"]
[BlackElo "2201"]
[PlyCount "76"]
[EventDate "2023.07.05"]
[EventType "swiss"]
[EventRounds "9"]
[EventCountry "AUS"]
[SourceTitle "CBM 215 Extra"]
[Source "ChessBase"]
[SourceDate "2023.09.30"]
[SourceVersion "1"]
[SourceVersionDate "2023.09.30"]
[SourceQuality "1"]

1. c4 Nf6 2. g3 g6 3. Bg2 Bg7 4. Nc3 0-0 5. d3 e5 6. Rb1 a5 7. a3 c6 8. e4 Re8 9. Nge2 d6 10. Bg5 h6 11. Bxf6 Qxf6 12. 0-0 Qe7 13. b4 axb4 14. axb4 f5 15. Qb3 fxe4 16. Nxe4 Be6 17. N2c3 b5 18. Ra1 Rxa1 19. Rxa1 Rd8 20. Bf1 Bf8 21. Ra8 Nd7 22. Ra7 Qf7 23. Qa3 bxc4 24. dxc4 Be7 25. Ra8 Rf8 26. Qa6 d5 27. Rxf8+ Bxf8 28. cxd5 cxd5 29. Nd6 Qf6 30. Qa8 Qe7 31. Nc8 Qxb4 32. Nxd5 Qc5 33. Nce7+ Kf7 34. Bg2 Bxe7 35. Nxe7 Qc1+ 36. Bf1 Bh3 37. Qf3+ Kxe7 38. Qa3+ Qxa3 0-1

[Event "Barcelona Sants op-B 23rd"]
[Site "Barcelona"]
[Date "2022.08.24"]
[Round "6"]
[White "Daguro Dasalla, Armando"]
[Black "Calonge Fabregat, Marc"]
[Result "1-0"]
[WhiteElo "1890"]
[BlackElo "1943"]
[PlyCount "89"]
[EventDate "2022.08.19"]
[EventType "swiss"]
[EventRounds "10"]
[EventCountry "ESP"]
[SourceTitle "EXT 2023"]
[Source "ChessBase"]
[SourceDate "2022.10.05"]
[SourceVersion "1"]
[SourceVersionDate "2022.10.05"]
[SourceQuality "1"]

1. e3 g6 2. c4 c5 3. Nc3 e6 4. Nf3 Bg7 5. d4 d6 6. Be2 Ne7 7. 0-0 0-0 8. a3 b6 9. Qc2 Nbc6 10. Rd1 cxd4 11. exd4 Nf5 12. d5 Ncd4 13. Nxd4 Nxd4 14. Qd3 Ba6 15. dxe6 fxe6 16. Bg4 Qh4 17. f3 h5 18. Be3 hxg4 19. Bxd4 gxf3 20. Qxg6 e5 21. Qe6+ Kh8 22. Bf2 Bxc4 23. Bxh4 Bxe6 24. Rxd6 Bb3 25. Re1 fxg2 26. Ne4 Rf1+ 27. Kxg2 Rxe1 28. Bxe1 Bc2 29. Ng5 e4 30. b4 Rc8 31. Rd7 a6 32. Rd6 Bd3 33. Kh3 Bb2 34. Bf2 Kg7 35. Be3 Rh8+ 36. Kg4 Rxh2 37. Kf5 Re2 38. Ne6+ Kh7 39. Rd7+ Kh8 40. Kg6 Rg2+ 41. Bg5 e3+ 42. Rxd3 Rd2 43. Rxe3 Rd6 44. Kf7 Rd7+ 45. Be7 1-0

[Event "Barcelona Sants op-B 23rd"]
[Site "Barcelona"]
[Date "2022.08.23"]
[Round "5"]
[White "Calonge Fabregat, Marc"]
[Black "Torres Maiquez, Sergio"]
[Result "1-0"]
[WhiteElo "1943"]
[BlackElo "1905"]
[PlyCount "51"]
[EventDate "2022.08.19"]
[EventType "swiss"]
[EventRounds "10"]
[EventCountry "ESP"]
[SourceTitle "EXT 2023"]
[Source "ChessBase"]
[SourceDate "2022.10.05"]
[SourceVersion "1"]
[SourceVersionDate "2022.10.05"]
[SourceQuality "1"]

1. e4 e5 2. Nf3 Nc6 3. Bc4 Nf6 4. d4 exd4 5. e5 d5 6. Bb5 Ne4 7. Nxd4 Bc5 8. Be3 Qh4 9. 0-0 0-0 10. Nxc6 Bxe3 11. fxe3 bxc6 12. Bxc6 Rb8 13. Bxd5 Ng5 14. Rf4 Qh6 15. Qd4 Qg6 16. Rf1 Qxc2 17. Bb3 Rxb3 18. axb3 Bb7 19. Nd2 Nh3+ 20. gxh3 c5 21. Qd7 Bc8 22. Qd6 Bxh3 23. Rf3 Bg4 24. Rg3 h5 25. Rxa7 Qc1+ 26. Nf1 1-0

[Event "Barcelona Sants op-B 23rd"]
[Site "Barcelona"]
[Date "2022.08.22"]
[Round "4"]
[White "Broadbent Brun, Jensen"]
[Black "Calonge Fabregat, Marc"]
[Result "1/2-1/2"]
[WhiteElo "1868"]
[BlackElo "1943"]
[PlyCount "72"]
[EventDate "2022.08.19"]
[EventType "swiss"]
[EventRounds "10"]
[EventCountry "ESP"]
[SourceTitle "EXT 2023"]
[Source "ChessBase"]
[SourceDate "2022.10.05"]
[SourceVersion "1"]
[SourceVersionDate "2022.10.05"]
[SourceQuality "1"]

1. d4 Nf6 2. c4 g6 3. Nc3 d5 4. cxd5 Nxd5 5. e4 Nxc3 6. bxc3 Bg7 7. Bc4 c5 8. Be3 Nc6 9. Ne2 0-0 10. 0-0 Bd7 11. Rb1 Qc7 12. f4 cxd4 13. cxd4 Nxd4 14. Bxf7+ Rxf7 15. Nxd4 e5 16. fxe5 Rxf1+ 17. Qxf1 Bxe5 18. Qd3 Bxh2+ 19. Kh1 Be5 20. Qb3+ Kh8 21. Rc1 Qd6 22. Nf3 Bg7 23. e5 Qe6 24. Qxb7 Rc8 25. Rxc8+ Bxc8 26. Qc7 h6 27. Nh4 Kh7 28. Nf3 Qg4 29. e6 Qxe6 30. Bd4 Qd7 31. Qxd7 Bxd7 32. Bxa7 g5 33. Kg1 Bb2 34. Bc5 Kg6 35. Kf2 Kf5 36. Nd2 Bb5 1/2-1/2

[Event "Tarragona Province-ch"]
[Site "Tarragona"]
[Date "2018.11.25"]
[Round "9.14"]
[White "Cases Arasa, Jordi"]
[Black "Calonge Fabregat, Marc"]
[Result "1/2-1/2"]
[WhiteElo "1771"]
[BlackElo "1940"]
[PlyCount "36"]
[EventDate "2018.09.30"]
[EventType "swiss"]
[EventRounds "9"]
[EventCountry "ESP"]
[SourceTitle "CBM 187 Extra"]
[Source "ChessBase"]
[SourceDate "2018.11.04"]
[SourceVersion "1"]
[SourceVersionDate "2018.11.04"]
[SourceQuality "1"]

1. d4 Nf6 2. Bf4 d5 3. e3 e6 4. Nf3 c5 5. c3 Nc6 6. Nbd2 Bd6 7. Bg3 0-0 8. Bd3 b6 9. Qe2 Bb7 10. e4 Be7 11. e5 Nd7 12. a3 Re8 13. h4 f5 14. exf6 Bxf6 15. Bxh7+ Kxh7 16. Ng5+ Kg8 17. Qh5 e5 18. Qf7+ Kh8 1/2-1/2

[Event "Tarragona Province-ch"]
[Site "Tarragona"]
[Date "2018.09.30"]
[Round "1"]
[White "Fosch Ferre, Arnau"]
[Black "Calonge Fabregat, Marc"]
[Result "1-0"]
[WhiteElo "1739"]
[BlackElo "1940"]
[PlyCount "59"]
[EventDate "2018.09.30"]
[EventType "swiss"]
[EventRounds "9"]
[EventCountry "ESP"]
[SourceTitle "CBM 187 Extra"]
[Source "ChessBase"]
[SourceDate "2018.11.04"]
[SourceVersion "1"]
[SourceVersionDate "2018.11.04"]
[SourceQuality "1"]

1. d4 Nf6 2. Bf4 d5 3. e3 e6 4. Nf3 c5 5. c3 Nc6 6. Nbd2 Bd6 7. Bg3 0-0 8. Bd3 b6 9. Ne5 Bb7 10. f4 Ne7 11. Qb1 g6 12. Bh4 Nf5 13. Bxf5 exf5 14. Bxf6 Qxf6 15. Nd7 Qe7 16. Nxf8 Qxe3+ 17. Kd1 Re8 18. Nd7 Bxf4 19. Qc2 Qe2+ 20. Kc1 Ba6 21. Nf6+ Kf8 22. Nxe8 Bd3 23. Qd1 Qxe8 24. Re1 Qb5 25. Qb3 Qc6 26. dxc5 bxc5 27. g3 c4 28. Qa3+ Bd6 29. Qxa7 d4 30. Qxd4 1-0

[Event "Torredembarra op 20th"]
[Site "Torredembarra"]
[Date "2018.07.08"]
[Round "9"]
[White "Calonge Fabregat, Marc"]
[Black "Borrellas Comellas, Josep"]
[Result "1-0"]
[WhiteElo "1943"]
[BlackElo "2080"]
[PlyCount "85"]
[EventDate "2018.06.30"]
[EventType "swiss"]
[EventRounds "9"]
[EventCountry "ESP"]
[SourceTitle "CBM 185 Extra"]
[Source "ChessBase"]
[SourceDate "2018.07.29"]
[SourceVersion "1"]
[SourceVersionDate "2018.07.29"]
[SourceQuality "1"]

1. e4 e5 2. Nc3 Nf6 3. g3 d5 4. exd5 Nxd5 5. Bg2 Be6 6. Nf3 Nc6 7. Qe2 Bd6 8. Nxd5 Bxd5 9. Qb5 Be7 10. 0-0 0-0 11. Nxe5 Bxg2 12. Kxg2 Nd4 13. Qc4 b5 14. Qd3 Qd5+ 15. Nf3 c5 16. c3 Qxf3+ 17. Qxf3 Nxf3 18. Kxf3 c4 19. d4 cxd3 20. Be3 Bf6 21. Bd4 Bxd4 22. cxd4 Rac8 23. Ke3 Rc4 24. Rfd1 Rc2 25. Rd2 Rfc8 26. Kxd3 R2c4 27. Rad1 Kf8 28. Re2 Rxd4+ 29. Kxd4 Rd8+ 30. Kc5 Rxd1 31. Kxb5 Rd6 32. h4 h5 33. a4 Rb6+ 34. Kc5 Rb3 35. Kc4 Rb7 36. b4 Rc7+ 37. Kb5 Rb7+ 38. Ka5 g6 39. b5 Kg7 40. Ka6 Rc7 41. a5 Rd7 42. b6 axb6 43. axb6 1-0

[Event "Torredembarra op 20th"]
[Site "Torredembarra"]
[Date "2018.07.05"]
[Round "6"]
[White "Calonge Fabregat, Marc"]
[Black "Djingarova, Emilia"]
[Result "0-1"]
[WhiteElo "1943"]
[BlackElo "2218"]
[PlyCount "82"]
[EventDate "2018.06.30"]
[EventType "swiss"]
[EventRounds "9"]
[EventCountry "ESP"]
[SourceTitle "CBM 185 Extra"]
[Source "ChessBase"]
[SourceDate "2018.07.29"]
[SourceVersion "1"]
[SourceVersionDate "2018.07.29"]
[SourceQuality "1"]

1. e4 c5 2. Nc3 e6 3. Nf3 a6 4. g3 b5 5. Bg2 Bb7 6. 0-0 b4 7. Na4 Bxe4 8. d4 cxd4 9. Qxd4 Nf6 10. Bg5 Nc6 11. Qe3 Bxc2 12. b3 Be7 13. Ne5 Nxe5 14. Bxa8 Qxa8 15. Qxe5 Be4 16. Rac1 0-0 17. Nb6 Qb7 18. Be3 Bg2 19. Rc7 Qf3 20. Qf4 Qxf4 21. gxf4 Bxf1 22. Kxf1 Bd8 23. Ra7 Bxb6 24. Bxb6 Nd5 25. Be3 Rc8 26. Rxd7 Kf8 27. Ra7 Nxe3+ 28. fxe3 Rc1+ 29. Ke2 Rc2+ 30. Kd3 Rxa2 31. h4 g6 32. Kc4 a5 33. Rd7 Rc2+ 34. Kb5 Rc3 35. Ka4 Rxe3 36. Ra7 Re4 37. Kxa5 Rxf4 38. Rb7 Rxh4 39. Rxb4 Rxb4 40. Kxb4 h5 41. Ka5 h4 0-1

[Event "Torredembarra op 20th"]
[Site "Torredembarra"]
[Date "2018.07.04"]
[Round "5"]
[White "Calonge Fabregat, Marc"]
[Black "Vella Ramirez, Alfonso"]
[Result "1-0"]
[WhiteElo "1943"]
[BlackElo "2043"]
[PlyCount "99"]
[EventDate "2018.06.30"]
[EventType "swiss"]
[EventRounds "9"]
[EventCountry "ESP"]
[SourceTitle "CBM 185 Extra"]
[Source "ChessBase"]
[SourceDate "2018.07.29"]
[SourceVersion "1"]
[SourceVersionDate "2018.07.29"]
[SourceQuality "1"]

1. e4 e6 2. d4 d5 3. Bd3 dxe4 4. Bxe4 Nf6 5. Bf3 c5 6. Ne2 Nc6 7. Be3 cxd4 8. Nxd4 Nxd4 9. Qxd4 Qxd4 10. Bxd4 Bd6 11. Nc3 e5 12. Nb5 Bb8 13. Bc5 e4 14. Be2 a6 15. Nd6+ Bxd6 16. Bxd6 Be6 17. 0-0-0 0-0-0 18. Be5 Nd7 19. Bd4 Kc7 20. Rhe1 f6 21. f3 exf3 22. Bxf3 Rhe8 23. Bf2 Ne5 24. Rxd8 Rxd8 25. Bg3 Bd5 26. Bxe5+ fxe5 27. Rxe5 Bxf3 28. gxf3 Kd6 29. Re3 Rf8 30. Kd2 Rf5 31. Rb3 Kc6 32. Re3 Kd6 33. c4 a5 34. Kc3 Rh5 35. Re2 Rh3 36. Rf2 Kc5 37. Kd3 a4 38. b3 axb3 39. axb3 Kb4 40. Kc2 g5 41. Rg2 Rxf3 42. Rxg5 Rf2+ 43. Kd3 Rf3+ 44. Kd4 Rxb3 45. Rh5 b6 46. Rh6 b5 47. c5 Rb1 48. c6 Rc1 49. Kd5 Rd1+ 50. Ke6 1-0